00828nam a2200205 a 4500003000200000005001700002008004100019050003500060100002200095245012100117260009200238300003900330504004100369650003100410650003800441650002700479650004100506650002900547650004600576020250524112349.0021127s19uu xx 00 eng d aPGS PN 1992.8.C36b.Ar659 2001 aAragon, Denise C. aPerceived effects of TV cartoon viewing on Southville International School grade six students /cDenise C. Aragon. aLas Piñas City, Philippines : bSouthville International School and Colleges,c2001. a44 pages :bilustrations ;c28 cm. aIncludes bibliographical references. aTelevision and children.  aTelevision viewersvPsychology.  aCartoons and children. aChildrenvEffect of television on.  aTelevision in education. aMedia consumptionvPsychological aspects.